[Event "ESP-chT Honor Gp1 49th"]
[Site "Merida"]
[Date "2005.08.25"]
[Round "2"]
[White "Sokolov, Ivan"]
[Black "Aronian, Levon"]
[Result "1/2-1/2"]
[WhiteElo "2691"]
[BlackElo "2724"]
[Annotator "Ribli,Z"]
[PlyCount "81"]
[EventDate "2005.08.24"]
[EventType "team"]
[EventRounds "5"]
[EventCountry "ESP"]
[SourceTitle "CBM 109"]
[Source "ChessBase"]
[SourceDate "2005.11.14"]
[SourceVersion "1"]
[SourceVersionDate "2005.11.14"]
[SourceQuality "1"]

1. d4 Nf6 2. c4 e6 3. Nf3 d5 4. Nc3 dxc4 5. e4 Bb4 6. Bg5 c5 7. e5 {Sokolov
wählt gerne diese Variante.} h6 8. exf6 hxg5 9. fxg7 Rg8 10. Qc2 {Mit diesem
Zug möchte Weiß die Damen auf dem Brett halten. Die weiße Idee ist 11.Qh7.} Qf6
{Die Textfortsetzung führt zu kompliziertem Spiel, auch die Alternative 10...
cxd4 kommt in Betracht.} (10... g4 $6 11. Qh7 Ke7 12. Qh4+ Ke8 13. Qxg4 $16) (
10... Nc6 11. O-O-O Bxc3 (11... cxd4 12. Qh7 Ke7 13. Ne4 d3 14. Qh6 $18) 12.
Qxc3 $16) (10... Rxg7 11. dxc5 (11. O-O-O Qa5 (11... g4 12. dxc5 $14) 12. dxc5
(12. Bxc4 g4) 12... Bxc3 13. Qxc3 Qxc3+ 14. bxc3 Nd7 15. h4 g4 $13) 11... Nc6
12. Bxc4 g4 (12... Bxc5) 13. Rd1 Qa5 (13... Qc7) 14. Nd2 Qxc5 15. O-O $1 $14) (
10... cxd4 11. Qh7 Ke7 12. Rd1 $5 (12. O-O-O Bxc3 13. bxc3 Qa5 14. Qxg8 Qxc3+
15. Kb1 Qb4+ 16. Kc2 Qc3+ {1/2-1/2 Van Wely,L-Naiditsch,A/Bundesliga 2004-05/
(16)}) 12... Nc6 $5 (12... d3 13. Bxd3 $1 Bxc3+ $6 14. bxc3 cxd3 15. Rxd3 Qe8
$6 16. Nxg5 f6 17. Ne4 {1-0 Halkias,S-Georgiev,K/Greece 2004/(34)}) 13. Bxc4
Bd7 $5 (13... g4 14. Nxd4 Nxd4 15. O-O $1 $16 Bc5 (15... e5 16. Nd5+ $18) 16.
Nb5 Nf3+ 17. gxf3 Bd7 18. Qh4+ $18) 14. Nxd4 Nxd4 15. Rxd4 Qb6 $5 16. Qe4 Bc6
$11 {1/2-1/2 Khurtsidze,N-Zaiatz,E/Chisinau 2005/(19)}) 11. dxc5 (11. O-O-O
Bxc3 12. Qxc3 cxd4 13. Nxd4 Bd7 14. Bxc4 Nc6 15. Nb5 Qxc3+ 16. bxc3 Ke7 17.
Rhe1 Rac8 (17... Na5 $1 18. Nd6 Nxc4 19. Nxc4 $11) 18. Nd6 Rc7 19. Nxf7 {
1-0 Taylor,T-Van Buskirk,C/Los Angeles 2004/[Ribli] (29)}) (11. a3) 11... Nd7 (
11... Rxg7 12. O-O-O $14) (11... g4 12. Nd2 $14) 12. Bxc4 Bxc3+ {Auf diese
Weise verschlechtert Schwarz die weiße Bauernstruktur.} 13. bxc3 (13. Qxc3
Qxc3+ 14. bxc3 g4 15. Nd4 Nxc5 $11 {1/2-1/2 Giorgadze,G-De la Villa G/Benasque
1997/EXT 97/(33)}) 13... Nxc5 14. O-O g4 $5 {[%mdl 4] Eine interessante
Eröffnungsidee von Schwarz. Nach 14...Rxg7 15.Rfe1 oder 14...Bd7 15.Qe2 strebt
der weiße Springer nach e5, wo er eine aktive Stellung besitzt. Mit der
Partiefortsetzung verjagt Schwarz den Springer von f3, sodass Ne5 wird nicht
möglich ist.} (14... Rxg7 15. Rfe1 Bd7 16. Rab1 Kf8 17. Ne5 Be8 18. Bb5 b6 19.
a4 Qf5 20. Qd1 $14 {1-0 Huebner,R-Hinks Edwards,T/Cannes 2005/CBM 105 ext (28)}
) 15. Nd2 Qf5 (15... Rxg7 16. Ne4 $14 (16. Bb5+ $14)) 16. Qxf5 (16. Qb2 Bd7 $11
) 16... exf5 17. Rfe1+ Be6 {Stufenweise strebt Schwarz die Beendigung seiner
Entwicklung an.} 18. Re5 $14 {[%csl Ge5][%cal Ge5c5]} b6 (18... Nd7 19. Re3 $14
) 19. Nb3 (19. Bxe6 fxe6 (19... Nxe6 20. Rxf5 O-O-O 21. Ne4 Rxg7 $16) 20. Nb3
Nxb3 21. axb3 Kf7 $11) 19... O-O-O 20. Bxe6+ (20. Nxc5 Bxc4 21. Rxf5 Rxg7 $11)
20... Nxe6 21. Rxf5 Rxg7 {Schwarz hat einen Bauern weniger, aber er hat eine
aktive Stellung und der Pc3 ist schwach.} 22. f3 gxf3 (22... Rd3 23. fxg4 Rxc3
24. Raf1 $16) 23. Rxf3 a5 24. a4 (24. Rc1 a4 25. Nd4 Nxd4 26. cxd4+ Kb7 27. Rc4
b5 28. Rb4 Rd5 $14) 24... Rd7 {[%mdl 256] Schwarz verteidigt vorher den
f7-Bauern und möchte den g7-Turm befreien.} 25. h3 Rh7 $1 {[%csl Gh7][%cal
Gh7h4,Gh4a4] Schwarz möchte seinen Turm über h4 ins Spiel bringen.} 26. Rb1 (
26. Raf1 Rh4 27. Rxf7 Rxa4 $132) 26... Rh4 27. Nd4 {Der Nb3 war nicht der
Stolz der weißen Stellung, so dass Weiß den Bauern zurück gibt.} Nxd4 28. cxd4
Rhxd4 29. Rxb6 Kd8 (29... Rxa4 $11) 30. Rbf6 Ke8 31. R3f4 Rb4 32. Kh2 (32. Rxb4
axb4 33. Rb6 Rd4 34. Kh2 b3 35. Rxb3 Rxa4 $14) 32... Rdb7 33. h4 Kf8 34. R6f5 (
34. h5 Rxf4 35. Rxf4 Rb4 36. Kg3 Kg7) 34... Rxf4 35. Rxf4 Rb3 36. g3 (36. Rf5
Rb4 37. Rxa5 Rxh4+ $14) 36... Rb4 $1 37. Kh3 Rxf4 38. gxf4 f5 $11 39. Kg3 Kg7
40. h5 Kh7 (40... Kh6 $4 41. Kh4 $18) 41. Kh3 (41. Kh4 Kh6 $11) 1/2-1/2

[Event "ESP-chT Honor Gp1 49th"]
[Site "Merida"]
[Date "2005.08.27"]
[Round "4"]
[White "Eljanov, Pavel"]
[Black "Markowski, Tomasz"]
[Result "1/2-1/2"]
[WhiteElo "2639"]
[BlackElo "2564"]
[Annotator "Ribli,Z"]
[PlyCount "105"]
[EventDate "2005.08.24"]
[EventType "team"]
[EventRounds "5"]
[EventCountry "ESP"]
[SourceTitle "CBM 109"]
[Source "ChessBase"]
[SourceDate "2005.11.14"]
[SourceVersion "1"]
[SourceVersionDate "2005.11.14"]
[SourceQuality "1"]

1. d4 d5 2. Nf3 Nf6 3. c4 dxc4 4. Nc3 {Eine sehr scharfe Variante gegen das
Angenommenes Damengambit, die übliche Fortsetzung ist 4.e3.} e6 5. e4 Bb4 6.
Bg5 c5 7. Bxc4 {Mit Zugumstellung ist die Grundstellung der Wiener Variante
des Damengambits erreicht.} cxd4 8. Nxd4 Qa5 9. Bb5+ Bd7 10. Bxf6 Bxc3+ {
Im selben Turnier spielte zwei Runden früher der Gegner des russischen
Spielers (Eljanov,P - Sargissian,G ESP-chT Honor1 2005) 10...gxf6.} 11. bxc3
gxf6 12. Bxd7+ Nxd7 13. O-O a6 {13...Qxc3 wäre gefährlich für Schwarz wegen 14.
Rb1, oder 14.Rc1 (auch 14.Qa4 kommt in Betracht).} 14. Rb1 Qc7 15. Qd2 {
Dieser Damezug ist die chancenreichste Fortsetzung für Weiß; nachfolgend muss
Schwarz mit Qh6 rechnen.} (15. Qh5 Ke7 16. Rfd1 Rad8 17. Rd3 {[%cal Gd3h3]} Ne5
18. Rg3 Ng6 {[%cal Gg6f4,Gf4h5]} 19. Qd1 {[%cal Gd1b3] 0-1 Schmidt,W-Tukmakov,
V/Koszalin 1999/CBM 73/[Ribli] (75)}) (15. f4 h5 16. Qf3 Rc8 17. e5 b6 18. exf6
Qxc3 19. Qe4 Nxf6 20. Qe5 Rh6 21. f5 {1/2-1/2 Chatalbashev,B-Gustafsson,J/
Calvia olm 2004/(27)}) 15... O-O (15... h5 {Auf diese Weise kann sich Schwarz
gegen Qh6 befreien.} 16. f4 Rc8 17. Rf3 b5 18. Re1 Nb6 19. Qf2 h4 20. Rh3 Na4
21. Rxh4 Rg8 22. Rh7 Qxc3 23. e5 {1/2-1/2 Gelfand,B-Topalov,V/Monte Carlo 2005/
CBM 105 ext (39)}) (15... Rc8 16. Rfd1 (16. Qh6 Ke7) 16... b5 17. f4 (17. Qh6
$5 $36) 17... Nc5 18. Qe3 Rg8 19. Ne2 {1-0 Smirnov,P-Popov,V/Moscow 2005/CBM
106/[Ribli] (26) 1-0}) 16. Rfd1 Rad8 (16... Ne5 $5 17. Qh6 (17. f4 $5) 17...
Ng6 18. Rd3 Qf4 19. Qxf4 Nxf4 20. Rg3+ (20. Rf3 e5 21. Nf5 {[%csl Rc3,Gf5,Rf6,
Rf7]} b5 22. h4 Rfd8 {[%cal Gd8d1]} 23. c4 $5 {. 1/2-1/2 Azmaiparashvili,
Z-Harikrishna,P/Dos Hermanas 2005/CBM 107/[Ribli] (31)}) 20... Kh8 21. Rf3 e5
22. Nf5 b5 23. g3 {1/2-1/2 Dobrov,V-Landa,K/playchess.com 2005/CBM 106 ext (23)
}) 17. Qh6 Kh8 18. Ne2 {Ein bekanntes Motiv: der Springer strebt nach f4 oder
g3 und die d-Linie wird geöffnet. Aber dieses Springermanöver nach 18.Rd3
scheint mir stärker.} (18. Rd3 Rg8 19. Ne2 $1 $14 {[%csl Rd7][%cal Gb1d1,Gh6d2,
Gd1d8,Ge2g3,Gg3h5,Ge2f4,Gf4h5]} Rg6 (19... Rc8 $5) 20. Qd2 Rgg8 21. Ng3 $1 {
1-0 Akopian,V-Izoria,Z/Moscow 2005/CBM 106/[Ribli] (57)}) 18... Rg8 19. Nf4 Qe5
$1 $11 {[%csl Ge5][%cal Ge5g5,Ge5e4,Ge5c3][%mdl 4] Die Aktivierung der
schwarzen Dame ist ein typisches Motiv in solchen Stellungen. Weiß muss mit 20.
..Qxc3 und 20...Qxe4 rechnen und die schwarze positionelle Drohung ist 20...
Qg5 mit Damentausch.} 20. h4 {[%cal Gh4g5] Auf diese Weise verhindert Weiß 20..
.Qg5.} Qxe4 21. Rb4 Qf5 22. Rbd4 e5 {[%cal Re5d4,Re5f4]} 23. Rd5 (23. Rxd7 Rxd7
24. Rxd7 Qxd7 (24... Qxf4 25. Qxf4 exf4 26. Rxb7) 25. Qxf6+ Rg7 26. Nh5 Qd1+
27. Kh2 Qxh5 28. Qd8+ Rg8 29. Qf6+ $11) 23... Qxf4 (23... Rg4 24. Nh5 Rdg8 25.
Ng3 Qf4 26. Qxf4 exf4 27. Rxd7 fxg3 $11) 24. Qxf4 exf4 25. Rxd7 Rxd7 26. Rxd7 {
[%mdl 4096] Nach Vereinfachungen ist ein Endspiel erreicht, in dem Schwarz
einen Bauern mehr hat, aber der weiße Turm aktiv steht und die schwarzen
Bauern schwach auf der f-Linie sind.} f3 27. Rxb7 $2 {Warum gibt Weiß seinen
g2-Bauern?} (27. g3 Rc8 (27... Re8 28. Rxb7 Re1+ 29. Kh2 Re2 30. g4 Rxf2+ 31.
Kg3 Rxa2 32. Kxf3 $11) 28. Rd3 b5 29. Rxf3 Kg7 $11) 27... Rxg2+ 28. Kf1 Rh2 $15
{Droht Matt auf h1 und es "hängt" der Ph4} 29. Ke1 Rxh4 30. Rb4 Rh5 (30... Rxb4
$4 31. cxb4 $18) 31. c4 Re5+ 32. Kf1 Kg7 33. Ra4 a5 34. Ra3 Rc5 35. Kg1 {
[%cal Gg1h2,Gh2g3,Gg3f3]} f5 36. Kh2 f4 37. Kh3 h5 38. Kh4 Kg6 $17 39. Rc3 a4
40. Rc2 Kf6 (40... Re5 41. Rc3 Re1 42. Rxf3 Rh1+ 43. Rh3 Rc1 $17) 41. Rc1 Ke6
42. Rc3 Ke5 43. Rxf3 Rxc4 44. Kxh5 Ke4 (44... Rc2 45. Kg4 (45. Ra3 Rxf2 46.
Rxa4 Rg2) 45... Rxa2 46. Rxf4 $15) 45. Ra3 $1 {Der Turm steht auf den ersten
Blick sehr passiv auf a3, aber er verhindert die Königseindringung auf die 3.
Reihe und kontrolliert den a4-Bauern.} Kd4 46. Kg4 Kc5 47. Rd3 Rd4 48. Rf3 Kb4
49. a3+ Kc4 50. Kg5 Rd3 (50... Rd5+ 51. Kxf4 (51. Kf6 Rd3 52. Rxf4+ Kb3 53.
Kxf7 Kxa3) 51... Rd3 52. Rxd3 Kxd3 53. Ke5 Kc4 (53... Ke2 54. f4 $11) 54. Kf6
Kb3 55. Kxf7 Kxa3 56. f4 Kb2 57. f5 a3 58. f6 a2 59. Ke7 a1=Q 60. f7 $11) 51.
Rxf4+ $11 Kb3 52. Rxf7 Kxa3 53. f4 1/2-1/2

[Event "Olympiad-36"]
[Site "Mallorca"]
[Date "2004.10.17"]
[Round "3"]
[White "Mamedyarov, Shakhriyar"]
[Black "Bluvshtein, Mark"]
[Result "1-0"]
[WhiteElo "2660"]
[BlackElo "2502"]
[Annotator "Ribli,Z"]
[PlyCount "69"]
[EventDate "2004.10.15"]
[EventType "team-swiss"]
[EventRounds "14"]
[EventCountry "ESP"]
[SourceTitle "CBM 104"]
[Source "ChessBase"]
[SourceDate "2005.01.27"]
[SourceVersion "1"]
[SourceVersionDate "2005.01.27"]
[SourceQuality "1"]
[WhiteTeam "Azerbaijan"]
[BlackTeam "Canada"]
[WhiteTeamCountry "AZE"]
[BlackTeamCountry "CAN"]

1. Nf3 Nf6 2. c4 e6 3. Nc3 d5 4. d4 dxc4 {Die sogenannte Wiener Variante des
Damengambits ist sehr populär in letzter Zeit. Im folgenden sehen wir einen
scharfen taktischen Kampf mit konkreten Varianten.} 5. e4 Bb4 6. Bg5 c5 7. Bxc4
cxd4 8. Nxd4 Bxc3+ {Ruhiger ist die Alternative 8...Qa5.} 9. bxc3 Qa5 10. Bb5+
Bd7 (10... Nbd7 11. Bxf6 Qxc3+ 12. Kf1 gxf6 13. Rc1 Qb4 14. h4 a6 15. Be2 Ne5
16. Rh3 Bd7 17. Rb3 Qd6 18. Rxb7 O-O 19. f4 Ng6 20. g3 Rfc8 21. Rxc8+ Rxc8 22.
Nb3 {1-0 Mamedyarov,S-Kolev,A/Leon 2001/CBM 86/[Ribli] (71)}) 11. Bxf6 gxf6 12.
Qb3 Bxb5 (12... a6) 13. Nxb5 O-O 14. O-O Nc6 {Ohne Damen könnte Schwarz sehr
zufrieden sein, denn der c3P ist auch eine Schwäche in der weißen Stellung.
Aber mit den Damen auf dem Brett muss Schwarz immer mit starkem weißen Angriff
rechnen.} 15. c4 {[%cal Gb3g3,Gg3g8] Weiß mobilisiert den c-Bauern (verteidigt
den Springer und in einigen Varianten kann Weiß auch c4-c5 ziehen) und öffnet
die dritte Reihe für die Dame.} (15. Rad1 Rad8 16. Nd6 Qe5 $1 $10) 15... Rad8 (
15... Rfd8 $5 16. c5 Rd7 (16... Rd2 17. Nd6 Qxc5 18. Nxf7 Qe7 19. Qe3 Rd7 20.
Nh6+ Kh8 21. Rad1 Rad8 22. Rxd7 Rxd7 23. h3 {1-0 Gurevich,M-Vidarsson,J/
Akureyri  1988/[Gurevich,M] (33)}) 17. Rac1 b6 18. a4 Rad8 19. Qb2 Kg7 20. cxb6
{1/2-1/2 Babula,V-Schenk,A/Jenbach AUT 2004/ (20)}) 16. Qg3+ (16. c5 Nd4 17.
Nxd4 Rxd4 18. Qg3+ Kh8 19. Qf4 Kg7 20. Qg3+ Kh8 21. Qf4 Kg7 22. Rab1 Qxc5 23.
Rxb7 Qg5 24. Qc7 Qe5 25. Qe7 Rxe4 26. Rxa7 Re1 27. g3 {1/2-1/2 Schandorff,
L-Naumann,A/Bundesliga 2003 (27)}) 16... Kh8 17. Qh4 Kg7 {Weiß hat eine
bequeme Stellung und er riskiert nichts, wenn er will, kann er Dauerschach
geben.} 18. f4 {[%csl Rg7][%cal Rf1f3,Rf3g3,Rg3g7] Weiß hat eine starke
Angriffsstellung, seine Hauptdrohung ist jetzt 19.Rf3.} (18. Qg3+ Kh8 19. Qh4 {
1/2-1/2 Olafsson,H-Aronian,L/Reykjavik ISL 2004/(19)}) 18... Rd3 19. e5 $1 (19.
Rae1 a6 20. e5 axb5 21. Qxf6+ Kg8 22. Qg5+ Kh8 23. Qf6+ Kg8 24. Qg5+ Kh8 25.
Qf6+ {1/2-1/2 Azmaiparashvili,Z-Agrest,E/Plovdiv 2003/ (25)}) 19... Qd8 (19...
fxe5 20. fxe5 Qd8 21. Qg4+ Kh8 22. Qf4 $14) 20. Qh5 $1 {[%csl Yd6,Gh5][%cal
Gb5d6][%mdl 4] Weiß verteidigt einfach den e5-Bauern und vermeidet das
Damentauschmotiv nach f6xe5.} (20. Qg4+ Kh8 21. Qh5 Kg7 (21... fxe5 $1 22. fxe5
f5 (22... f6 23. Rxf6 Rxf6 24. exf6 a6 25. Rf1 axb5 26. f7 Qf8 27. Qh4 $18) 23.
exf6 a6 $17 {[%csl Rb5]}) 22. Rae1 $16 (22. Nd6 fxe5 23. fxe5 Nxe5 $1 24. Qxe5+
f6 25. Nxb7 fxe5 26. Nxd8 Rfxd8 {1/2-1/2 Farago,I-Blauert,J/Budapest/ 2003/(40)
})) 20... Kg8 {Schwarz geht mit dem König weg von g7. Die Idee des Königszuges
ist, dass Schwarz in einigen Varianten (nach f6xe5 und f4xe5) f7-f6 oder f7-f5
ziehen möchte und in diesem Fall kommt der Zug exf6 nicht mit Schach.} (20...
fxe5 21. fxe5 f5 22. exf6+ Rxf6 23. Rxf6 Qxf6 24. Rf1 Qe7 25. Nc7 $1 $16 {
[%csl Gc7,Re6][%cal Rh5g4,Rg4g7,Rg4e6,Rc7e6,Rc7e8,Re8g7]} Qxc7 26. Qg5+ $18) (
20... a6 $1 21. Nd6 fxe5 22. fxe5 Nxe5 23. Qxe5+ f6 24. Nxb7 fxe5 25. Nxd8
Rfxd8 {1/2-1/2 Tregubov,P-Landa,K/Paris 2004/CBM 101 ext (35)}) 21. Rae1 $14 {
Weiß hat klaren Positionsvorteil und das d6-Feld ist ein ausgezeichneter
Springerposten. Ich sehe kein aktives Gegenspiel für Schwarz.} a6 {Dieser Zug
hilft dem Gegner, aber was anderes kann Schwarz machen?} 22. Nd6 {[%csl Gd6,
Ge5,Gh5]} fxe5 23. c5 $1 $16 (23. fxe5 Nxe5 24. c5 Ng6 25. Qe2 Rd5 26. Nxb7 Qg5
$132) 23... f5 (23... exf4 24. Qg4+ Kh8 25. Qxf4 f5 26. Rxe6 $16) 24. fxe5 {
Seinerzeit sagte Weltmeister Steinitz, wenn wir einen gut verteidigten
Springer auf d6 oder auf e6 haben, ist die Partie schon von selbst gewonnen.}
b5 (24... Qe7 25. Rf3 $16) 25. Rf3 {Weiß tauscht die beste schwarze Figur.} Qa5
(25... Rxf3 26. gxf3 $16 (26. Qxf3 $16)) 26. Re2 Qb4 {[%cal Gb4b1,Gb1g1,Gb1d3]
Schwarz verteidigt indirekt seinen d3-Turm. Dieser Zug verliert forciert, aber
guter Rat ist schon teuer.} (26... Rxf3 27. Qg5+ Kh8 28. Qh6 Qd8 29. gxf3 $16)
27. Rxd3 Qb1+ 28. Kf2 Qxd3 29. Qg5+ Kh8 30. Qh6 $18 {[%csl Rf8,Rh8][%cal Rh6f8,
Rh6e6][%mdl 128] Mit diesem Zug gewinnt Weiß eigentlich die Partie - es hängt
der f8R, der nicht weggehen kann wegen 31.Nf7#. Im Falle von Kg8 nimmt Weiß
den Schlüsselbauern auf e6.} Qd4+ 31. Kf1 Kg8 (31... Qd1+ 32. Re1 Qd3+ 33. Kg1
Qd4+ 34. Kh1 $18) 32. Qxe6+ Kh8 33. Qh6 Kg8 34. Qg5+ Kh8 35. e6 {[%csl Ge6]
[%cal Re6e7,Re7e8,Re7f8]} 1-0

[Event "ESP-chT Honor Gp1 49th"]
[Site "Merida"]
[Date "2005.08.25"]
[Round "2"]
[White "Eljanov, Pavel"]
[Black "Sargissian, Gabriel"]
[Result "1-0"]
[WhiteElo "2639"]
[BlackElo "2611"]
[Annotator "Ribli,Z"]
[PlyCount "59"]
[EventDate "2005.08.24"]
[EventType "team"]
[EventRounds "5"]
[EventCountry "ESP"]
[SourceTitle "CBM 109"]
[Source "ChessBase"]
[SourceDate "2005.11.14"]
[SourceVersion "1"]
[SourceVersionDate "2005.11.14"]
[SourceQuality "1"]

1. d4 Nf6 2. c4 e6 3. Nf3 d5 4. Nc3 dxc4 5. e4 Bb4 6. Bg5 c5 7. Bxc4 cxd4 8.
Nxd4 Qa5 9. Bb5+ Bd7 10. Bxf6 (10. Bd2 $2 Bxb5 11. Ndxb5 Nxe4 12. Nxe4 Qxb5 13.
Nc3 Qe5+ 14. Kf1 Nc6 {0-1 Salzgeber,F-Horvath,A/Pfaeffikon 2003/(27)}) 10...
gxf6 11. O-O (11. Qd3 $6 Bxc3+ 12. bxc3 a6 13. Bxd7+ Nxd7 14. Nb3 Qc7 15. O-O
Ne5 16. Qe3 O-O-O 17. Rfd1 {1/2-1/2 Shulman,Y-Atalik,S/San Francisco 2002/CBM
92/(37)}) (11. Bxd7+ Nxd7 12. Nde2 Ne5 13. O-O Rg8 14. Kh1 Rd8 15. Qc2 Ke7 {
1/2-1/2 Gyimesi,Z-Horvath,A/ Hungary (ch) 2003 (23)}) 11... Bxb5 {Meiner
Meinung nach bietet die Alternative 11...Bxc3 Schwarz mehr Hoffnungen auf
Ausgleich.} (11... Bxc3 12. Bxd7+ Nxd7 13. bxc3) 12. Ncxb5 Nc6 (12... a6 13. a3
$1 Be7 14. b4 Qb6 15. Nc3 O-O 16. Na4 Qd8 17. Rc1 $16) 13. a3 Nxd4 (13... Be7
14. Rc1 (14. Qh5 $5 $36) 14... Rg8 (14... Rd8 15. Qh5 e5 (15... Rxd4 16. Rxc6
$1) 16. Ne6 $16) 15. Nxc6 bxc6 16. Nd6+ Kf8 17. Rxc6 (17. Nc4 $5 Qa6 18. Qh5
Kg7 19. Rc3 $40) 17... Rd8 18. Rc8 (18. Qd4 $5) 18... Kg7 19. Nb7 {1/2-1/2
Beliavsky,A-Georgiev,K/Bled (ol) 2002/(116)}) 14. axb4 (14. Qxd4 $5 Qxb5 15.
Qxf6) 14... Qxb5 15. Qxd4 $36 {[%csl Gd4,Re8] Die Qd4 ist aktiv und der
schwarze König steht angreifbar in der Mitte.} Ke7 (15... Qe5 16. Qxe5 (16.
Rxa7 $6 Qxd4 17. Rxa8+ Ke7 18. Rxh8 Qxe4) (16. Qc5 Qxc5 17. bxc5 Kd7) 16...
fxe5 17. Ra5 $16) 16. Ra5 Qd7 (16... Qb6 17. Rc5) 17. Qe3 b6 18. Rh5 Rhg8 (
18... Rad8) 19. g3 (19. Rxh7) 19... Rad8 20. Ra1 {[%csl Ga1,Ge3,Re7,Gh5][%mdl
2048] Weiß verfügt über ein ausgezeichnetes Figurenspiel; Schwarz kann
hingegen nur die unmittelbaren Drohungen verteidigen, er hat keine Chancen auf
aktives Spiel.} Rg7 21. Qf4 (21. e5 $36) 21... e5 22. Qf3 (22. Qh4 $16) 22...
Qc7 23. b5 Rd6 (23... Rd4) 24. Rh6 Qd7 25. Kg2 Qb7 26. Ra4 $1 {[%csl Re7][%cal
Rf3a3,Ra3a7,Ra3e7][%mdl 128] Ein ausgezeichneter positioneller Zug: die
tödliche weiße Drohung ist 27.Qa3. Schwarz kann sich nicht gegen den weißen
Angriff verteidigen.} Ke8 27. Rxf6 $18 {Weiß gewinnt einen wichtigen Bauern
und die Partie, während Schwarz große Schwierigkeiten mit der
Figurenkoordination hat.} Rg6 28. Rxd6 Rxd6 29. Qh5 {[%cal Rh5e5,Rh5h7]} Qe7
30. Qxh7 1-0